LEADER 01072nam a2200241 4500 001 000000333217 003 CaOOAMICUS 005 20190402113210.0 008 190402s1698 it 000 u ita r 026 $a,eiu inei l-a. noci (3) 1698 (R) 040 $aSeMil$bita 245 00$aLettere d'un direttore ad un suo penitente intorno al libro intitolato Lettere provinciali. 264 1$aVenezia :$bPresso Combi, & La Noù,$c1698. 300 $a[20], 230, [4] p. ;$c12° 500 $aIniziali, fregi xilogr. 500 $aSegn.: a¹? A-I¹² K? [chi]1 (K? bianca9 710 0 $aCombi, Sebastiano & La Noù, Giovanni $c.$0(OLS)http://semarc/name/89344 752 $aIT$dVenezia 850 $aSeMil 852 $aSeMil$W1$xVenegono$y1$m3X I 151 FA$j211842$B225353$CSeMilBibl$Z2$F225353 $8I 996 $6245$aLettere d'un direttore ad un suo penitente intorno al libro intitolato Lettere provinciali$9(OLS)http://semarc/title/422482 996 $6264$aVenezia :$bPresso Combi, & La Noù$9(OLS)http://semarc/publisher/58217 LEADER 01066nam a2200241 i 4500 001 000000230557 003 CaOOAMICUS 005 20140611000000.0 008 140611n it u000 u ita u 013 $a209459 040 $aSeMil$bita 100 1 $aLombardi, Gabrio ,$d<1913-1994>.$0(OLS)http://semarc/name/8589 245 10$aFederico Ozanam :$bnel 150. anniversario della nascita /$cGabrio Lombardi. 260 $a[Italia] :$bSegretariato Nazionale [della Società di San Vincenzo],$c[196-?] 300 $a40 p. ;$c22 cm. 500 $aFondo card. Giovanni Colombo. 600 14$aOzanam, Antoine-Frédéric .$0(OLS)http://semarc/subject/9793 850 $aSeMil 852 $aSeMil$W1$xVenegono$y1$m3GC III 88$j180903$B180903$CSeMilBibl$Z2$F192750 $8B 941 1 $a3 961 $aLascito: Colombo Card. Giovanni 996 $6245$aFederico Ozanam :$bnel 150. anniversario della nascita$9(OLS)http://semarc/title/329390 996 $6260$a[Italia] :$bSegretariato Nazionale [della Società di San Vincenzo]$9(OLS)http://semarc/publisher/53804